000 00812nam a22002057a 4500
001 8851
003 FISKH
005 20251023105957.0
008 251023b cb ||||| |||| 00| 0 eng d
020 _a9788184513714
040 _aFISKH
_beng
_cFISKH
_dFISKH
082 _a428.6
100 _aShilpa
245 _a2nd activity book :
_bDreamland kid's /
260 _aNew Delhi :
_bDreamland,
_c2010.
300 _a64 pages :
_bcolor illustrations ;
_c28 cm
520 _aThe 2nd Activity Book in the Let’s Learn series continues to build children’s early English and thinking skills through playful exercises. It reinforces knowledge of the alphabet, phonics, numbers, colors, animals, and everyday vocabulary using familiar cartoon characters and bright visuals.
942 _2ddc
_cBK
_n0
999 _c8851
_d8851